| 000 | 00844nam a22002297a 4500 | ||
|---|---|---|---|
| 999 |
_c2533 _d2533 |
||
| 003 | AR-CdUCM | ||
| 008 | 190304b ||||| |||| 00| 0 spa d | ||
| 040 |
_aMUNICIPALIDAD PROVINCIAL DEL CUSCO _cBIBLIOTECA MUNICIPAL DEL CUSCO |
||
| 041 | _heng. | ||
| 082 |
_a330.94 / _bL84 |
||
| 100 |
_aLoring Allen, Albert _98979 |
||
| 245 | _aEl aspecto económico de la influencia soviética en la América latina / | ||
| 260 |
_aMexico : _bEdit.Limusa Wiley, _c1964. |
||
| 300 |
_a174 paginas ; _c18 cm. |
||
| 505 | _aContenido :Comercio --Política comercial --Practica comercial --Posición económica y comercial de América latina --Objetivos y metas de América latina ... | ||
| 650 |
_aEconomía _9382 |
||
| 650 |
_aPolítica _9291 |
||
| 650 |
_aComercio _9322 |
||
| 700 |
_aDaniel Ruiz Bringas _98980 |
||
| 942 |
_2ddc _cLIBROS |
||
| 945 | _arjall | ||